A Mathematical Introduction to Data Science
Sábháilte in:
| Príomhchruthaitheoir: | |
|---|---|
| Formáid: | LEABHAR |
| Foilsithe / Cruthaithe: |
Springer
|
| Clibeanna: |
Níl clibeanna ann, Bí ar an gcéad duine le clib a chur leis an taifead seo!
|
MARC
| LEADER | 00000nam a2200000Ia 4500 | ||
|---|---|---|---|
| 005 | 20260513122055.0 | ||
| 020 | |a 9789819656387 | ||
| 100 | |a Yi Sun | ||
| 365 | |c € | ||
| 365 | |b 28.00 | ||
| 942 | |c BK | ||
| 245 | |a A Mathematical Introduction to Data Science | ||
| 260 | |b Springer | ||
| 999 | |c 134 |d 134 | ||
| 952 | |0 0 |1 0 |4 0 |7 0 |a UNSW |b UNSW |d 2026-05-08 |g 54.99 |i 16697 |l 0 |p 000154 |r 2026-05-13 12:20:55 |v 54.99 |w 2026-05-13 |y BK | ||